Manual de casos prc̀ticos de ISR e IETU

Detalles Bibliográficos
Autor principal: Přez, Chavez, Još
Otros Autores: Fol Olguin, Raymundo
Formato: Desconocido
Lenguaje:inglés
Publicado: [S. L.] : Tax editores, 2010
Materias:
Acceso en línea:Acceso restringido

MARC

LEADER 00000ny a22000003n 4500
005 20110519150917.0
008 071017c2010 mx mr pss 0 a0eng d
020 |a 9786074401073 
035 |a 4958 
040 |a BUS  |d vLex 
090 |c 70  |d 70 
100 1 |a Přez, Chavez, Još 
245 3 0 |a Manual de casos prc̀ticos de ISR e IETU  |h [Recurso electrn̤ico]  |c Jos ̌Přez Chavez ; Raymundo Fol Olguin  
256 |a Servicio en ln̕ea 
260 |a [S. L.] :  |b Tax editores,  |c 2010 
506 1 |a Contenido solo disponible en los productos indicados  |d vLex Global  |d vLex Global (Academic Edition, excluding Law Schools)  |d vLex Global (U.S. Academic Edition, Law Schools)  |d vLex Global (U.S. Academic Edition, excluding Law Schools)  |d vLex Global (Academic Edition, Law Schools) 
650 0 4 |a Impuesto  |x Publicaciones perid̤icas 
700 1 |a Fol Olguin, Raymundo 
740 0 |a vLex Libros (Servicios en ln̕ea) 
856 4 0 |u http://vlex.com/source/4958  |z Acceso restringido 
942 |c BOOK 
999 0 |a Taxation  |b Mx̌ico